Para el bien común: reorientando la economía hacia la comunidad, el ambiente y un futuro sostenible
Furkejuvvon:
| Váldodahkkit: | , |
|---|---|
| Materiálatiipa: | Girji |
| Giella: | espánnjágiella |
| Almmustuhtton: |
Ciudad de México
Fondo de Cultura Económica
1993
|
| Ráidu: | Obras de Economía Contemporánea
|
| Fáttát: | |
| Fáddágilkorat: |
Lasit fáddágilkoriid
Eai fáddágilkorat, Lasit vuosttaš fáddágilkora!
|
MARC
| LEADER | 00000nam a2200000 a 4500 | ||
|---|---|---|---|
| 001 | UCX9626 | ||
| 003 | CL-VaPUC | ||
| 008 | 940616e19930000MX |||||||||||||||||spa|d | ||
| 082 | 0 | 4 | |a 333.72 |b DAL |2 21 |
| 100 | 0 | |a Daly, Herman E |e author |9 327068 | |
| 700 | 0 | |a Cobb, John B |e author |9 327069 | |
| 245 | 1 | 0 | |a Para el bien común: reorientando la economía hacia la comunidad, el ambiente y un futuro sostenible |
| 300 | |a 466 p | ||
| 942 | |c BK | ||
| 945 | |d 19940616 00:00:00 |a mfernand | ||
| 260 | |a Ciudad de México |b Fondo de Cultura Económica |c 1993 | ||
| 650 | 0 | |a Desarrollo económico |9 259599 | |
| 650 | 0 | |a Aspectos ambientales |9 258658 | |
| 650 | 7 | |a RIQUEZA Y ETICA |2 CL-VaPUC |9 322666 | |
| 650 | 0 | |a Equilibrio económico |9 322667 | |
| 650 | 0 | |a Aspectos económicos |9 255165 | |
| 583 | |a last modification |c 20180312 10:42:52 |k Rodrigo Vera | ||
| 490 | 0 | |a Obras de Economía Contemporánea | |
| 999 | |c 228808 |d 228806 | ||
| 952 | |0 0 |1 0 |4 0 |6 333_720000000000000_DAL_1993 |7 0 |8 A |9 229242 |a BIBING |b BIBING |d 2019-11-15 |i 2986620 |l 1 |o 333.72 DAL 1993 |p 2986620 |r 2025-01-20 |s 2022-10-19 |w 2019-11-15 |y BK |k GEO | ||
| 952 | |0 0 |1 0 |4 0 |6 333_720000000000000_DAL_1993 |7 0 |8 A |9 229243 |a BIBING |b BIBING |d 2019-11-15 |i 3038092 |o 333.72 DAL 1993 |p 3038092 |r 2025-01-20 |w 2019-11-15 |y BK |k GEO | ||